[Event "Taastrup Aktiv-Alliancen E"]
[Site "Taastrup"]
[Date "2002.01.27"]
[Round "5"]
[White "Hansen, Steen"]
[Black "Dogru, Latif"]
[Result "0-1"]
[WhiteElo "1193"]
[BlackElo "1014"]
[PlyCount "86"]
[EventDate "2002.01.25"]
[EventType "swiss"]
[EventRounds "5"]
[EventCountry "DEN"]
[SourceTitle "EXT 2023"]
[Source "ChessBase"]
[SourceDate "2022.10.05"]
[SourceVersion "1"]
[SourceVersionDate "2022.10.05"]
[SourceQuality "1"]

1. d4 d5 2. c4 c6 3. Nc3 Nf6 4. Bf4 Bf5 5. Nf3 Nbd7 6. e3 e6 7. Bd3 Bg4 8. 0-0 Bb4 9. cxd5 exd5 10. a3 Ba5 11. b4 Bc7 12. Bxc7 Qxc7 13. Be2 0-0 14. Qc2 Bxf3 15. Bxf3 Rac8 16. Rac1 a5 17. Rb1 axb4 18. axb4 Rb8 19. Rfc1 Rfc8 20. Qd1 b5 21. Nxd5 Qd6 22. Nc3 Nb6 23. Be2 Nfd5 24. Ne4 Qe7 25. Nc5 Nd7 26. Nxd7 Qxd7 27. e4 Nb6 28. Bg4 Qe7 29. Bxc8 Rxc8 30. f3 Nc4 31. Rc3 Qg5 32. Qe2 Ra8 33. Rbc1 Ra4 34. Rb1 Ra7 35. g3 Ra4 36. f4 Qe7 37. Rcb3 Qa7 38. Qg4 Qxd4+ 39. Kf1 Nd2+ 40. Ke2 g6 41. Rd3 Qxe4+ 42. Kxd2 Ra2+ 43. Kd1 Qh1# 0-1

[Event "Taastrup Aktiv-Alliancen E"]
[Site "Taastrup"]
[Date "2002.01.26"]
[Round "3"]
[White "Radovic, Slobodan"]
[Black "Hansen, Steen"]
[Result "1/2-1/2"]
[WhiteElo "1375"]
[BlackElo "1193"]
[PlyCount "75"]
[EventDate "2002.01.25"]
[EventType "swiss"]
[EventRounds "5"]
[EventCountry "DEN"]
[SourceTitle "EXT 2023"]
[Source "ChessBase"]
[SourceDate "2022.10.05"]
[SourceVersion "1"]
[SourceVersionDate "2022.10.05"]
[SourceQuality "1"]

1. e4 e5 2. Bc4 Nf6 3. d4 Nxe4 4. Nf3 Nd6 5. Bb3 exd4 6. Qxd4 Nc6 7. Qf4 Be7 8. 0-0 0-0 9. Nc3 Ne8 10. Ne4 d5 11. Rd1 Be6 12. Nfg5 Nf6 13. Nxf6+ Bxf6 14. Nxe6 fxe6 15. Qg4 Qe7 16. c3 Ne5 17. Qe2 c6 18. f4 Nd7 19. Bc2 Qf7 20. Be3 e5 21. fxe5 Nxe5 22. Rf1 Nc4 23. Bc5 Rfe8 24. Qg4 Ne3 25. Bxh7+ Kxh7 26. Qh3+ Kg8 27. Bxe3 Qe6 28. Qxe6+ Rxe6 29. Rae1 Rae8 30. Bd2 Rxe1 31. Rxe1 Rxe1+ 32. Bxe1 d4 33. Kf1 dxc3 34. Bxc3 Bxc3 35. bxc3 b5 36. Ke2 Kf7 37. Kd3 Ke6 38. Ke4 1/2-1/2

[Event "Taastrup Aktiv-Alliancen E"]
[Site "Taastrup"]
[Date "2002.01.25"]
[Round "2"]
[White "Hansen, Steen"]
[Black "Madsen, Simon Rise"]
[Result "1-0"]
[WhiteElo "1193"]
[BlackElo "1121"]
[PlyCount "81"]
[EventDate "2002.01.25"]
[EventType "swiss"]
[EventRounds "5"]
[EventCountry "DEN"]
[SourceTitle "EXT 2023"]
[Source "ChessBase"]
[SourceDate "2022.10.05"]
[SourceVersion "1"]
[SourceVersionDate "2022.10.05"]
[SourceQuality "1"]

1. d4 d5 2. c4 e6 3. cxd5 exd5 4. Nc3 Nf6 5. Bg5 h6 6. Bxf6 gxf6 7. e3 Bf5 8. Bd3 Qd7 9. Bxf5 Qxf5 10. Qf3 Qxf3 11. Nxf3 c6 12. 0-0 Nd7 13. a3 0-0-0 14. Nh4 h5 15. Nf5 h4 16. g4 hxg3 17. hxg3 Rh5 18. g4 Rh7 19. Kg2 Kc7 20. Rh1 Rxh1 21. Rxh1 Bd6 22. Rh7 Rg8 23. Kf3 Rf8 24. Nh6 c5 25. Rxf7 Rh8 26. Nf5 Kc6 27. Nxd6 Kxd6 28. Nxd5 Kxd5 29. Rxd7+ Kc6 30. Rf7 Rh6 31. dxc5 Rh3+ 32. Kg2 Rh4 33. Rxf6+ Kxc5 34. Kg3 Rh1 35. b4+ Kb5 36. g5 Rh7 37. Rh6 Rg7 38. f4 Ka4 39. g6 Kxa3 40. f5 Kxb4 41. Rh7 1-0